Welcome to WEB OPAC of MRSPTU Central Library

Textile Processing (Record no. 6094)

MARC details
000 -LEADER
fixed length control field 00418nam a2200169Ia 4500
008 - FIXED-LENGTH DATA ELEMENTS--GENERAL INFORMATION
fixed length control field 230711s9999||||xx |||||||||||||| ||und||
020 ## - INTERNATIONAL STANDARD BOOK NUMBER
International Standard Book Number 978-93-313-2485-6
041 ## - LANGUAGE CODE
Language code of text/sound track or separate title ENG
082 ## - DEWEY DECIMAL CLASSIFICATION NUMBER
Classification number 677.028
Item number MA-T
100 ## - MAIN ENTRY--PERSONAL NAME
Personal name Mahapatra,N.N
245 #0 - TITLE STATEMENT
Title Textile Processing
250 ## - EDITION STATEMENT
Edition statement 1st Ed.
260 ## - PUBLICATION, DISTRIBUTION, ETC.
Date of publication, distribution, etc. 2015
Place of publication, distribution, etc. New Delhi
Name of publisher, distributor, etc. A.P.H.Publishing Corporation
300 ## - PHYSICAL DESCRIPTION
Extent 237p.
650 ## - SUBJECT ADDED ENTRY--TOPICAL TERM
Topical term or geographic name entry element Textile Engineering
942 ## - ADDED ENTRY ELEMENTS (KOHA)
Koha item type Book
Holdings
Withdrawn status Lost status Damaged status Not for loan Collection Home library Current library Shelving location Date acquired Cost, normal purchase price Inventory number Total checkouts Full call number Barcode Date last seen Price effective from Koha item type
          MRSPTU Central Library MRSPTU Central Library     1495.00 KBD/2016-2017/961942808   677.028 MA-T 33259 08/17/2023 08/17/2023 Book
          MRSPTU Central Library MRSPTU Central Library     1495.00 KBD/2016-2017/961942808   677.028 MA-T 33260 08/17/2023 08/17/2023 Book
          MRSPTU Central Library MRSPTU Central Library     1495.00 KBD/2016-2017/961942808   677.028 MA-T 33261 08/17/2023 08/17/2023 Book
          MRSPTU Central Library MRSPTU Central Library     1495.00 KBD/2016-2017/961942808   677.028 MA-T 33262 08/17/2023 08/17/2023 Book
          MRSPTU Central Library MRSPTU Central Library     1495.00 KBD/2016-2017/961942808   677.028 MA-T 33263 08/17/2023 08/17/2023 Book

Website Designed and Developed by MRSPTU Central Library Team

E-mail Id: librarian@mrsptu.ac.in